Statystyki dla Najbiedniejsze miasta w Polsce

Kliknij tutaj aby rozwiązać quiz!

Ogólne statystyki

  • Ten quiz został rozwiązany 10 razy
  • Średni wynik to 1 z 8

Statystyki odpowiedzi

Dochód na mieszkańcaWojewództwoMiasto% Poprawnych
2062,52 złŁódzkiePabianice
43%
2110,85 złLubelskieHrubieszów
14%
2119,61 złŚląskieKalety
14%
1987,31 złWielkopolskieLuboń
14%
2129,09 złPomorskieRumia
14%
2119,79 złŚląskieRydułtowy
14%
2132,81 złŁódzkieGłowno
0%
2090,58 złŚląskieOrzesze
0%

Rozkład punktacji

Percentyl według liczby udzielonych odpowiedzi

Procent ludzi z każdym wynikiem

Twoja historia wyników

Nie rozwiązałeś tego quizu